1396 1891 1577 1284 1052 1460 1338 1735 1521 1688 1554 1165 1794 1339 1519 1685 1894 1951 1844 1514 1712 1959 1877 1486 1097 1935 1292 1387 1701 1864 1204 1134 1125 1570 1320 1865 1057 1082 1517 1332 1743 1266 1367 1121 1379 1287 1534 1682 1508 1629 1335 1861 1317 1326 1512 1449 1927 1290 1368 1362 1397 1331 1071 1591 1265 1407 1713 1993 1211 1864 1978 1978 1028 1198 1679 1145 1209 1006 1490 1861 1818 1355 1536 1560 1667 1470 1737 1550 1714 1163 1308 1468 1784 1800 1073 1029 1928 1420 1733 BCNSPRNW ULIB Ver.6.0+V

เปลี่ยนเป็นภาษาไทย

Change to English
 แสดงรายละเอียดบรรณานุกรม
  กลับหน้าหลัก

Brief Record : Get Marc (ISO 2709) : E-mail record : QR code < ปิดหน้าต่าง
LEADER : 00000nam 2200000uu 4500
001    13399124228
003     ULIB
008    150204s2554||||th 000 0 tha d
020    ^a9741333498
020    9789741333493
060 04 ^aWS420^bก768ก
100 0  ^aเกรียงศักดิ์ จีระแพทย์
245 10 ^aการประเมินภาวะสุขภาพทารกแรกเกิด /^cเกรียงศักดิ์ จีระแพทย์,วีณา จีระแพทย์
250    ^aพิมพ์ครั้งที่ 3 (ฉบับปรับปรุงและแก้ไขเพิ่มเติม)
260    ^aกรุงเทพฯ :^bภาควิชากุมารเวชศาสตร์คณะแพทยศาสตร์ศิริราชพยาบาล มหาวิทยาลัยมหิดล,^c2554
300    ^a221 หน้า :^bภาพประกอบ ;^c27 ซม.
650  7 ^aทารกแรกเกิด
650  7 ^aสุขภาพ^xการประเมิน
650  7 ^aการตรวจร่างกาย^xในวัยทารกและวัยเด็ก
653    ^aผลงานอาจารย์คณะแพทยศาสตร์ศิริราชพยาบาล
710 2  ^aมหาวิทยาลัยมหิดล. ^bคณะแพทยศาสตร์ศิริราชพยาบาล.^bภาควิชากุมารเวชศาสตร์
945    ^p420^l0^i22823
945    ^p420^l0^i22824
945    ^p420^l0^i22825
945    ^p420^l0^i22826
945    ^p420^l0^i22827
995    ^aทศพร
999    ^aทศพร เกษรทอง
รายการนี้ยังไม่มีแท็ก
คุณยังไม่ได้ล็อกอิน คุณสามารถมีกิจกรรมร่วมกับเว็บไซต์ได้ แต่ต้องล็อกอินก่อน ::
  ล็อกอิน

รายการสื่อสารสนเทศ

ลำดับที่ ประเภท เลขเรียก/บาร์โค้ด สถานที่ สถานะ
1. วิทยาศาสตร์การแพทย์ และสุขภาพ
วิทยาศาสตร์การแพทย์ และสุขภาพ
สถานะ=หนังสือเก่า
WS420 ก768ก ฉ.1 
  Barcode: 22823
ห้องสมุดวิทยาเขตนครสวรรค์
►ส่วนจัดเก็บหนังสือเก่า นว.
บนชั้น
  ขอยืม
2. วิทยาศาสตร์การแพทย์ และสุขภาพ
วิทยาศาสตร์การแพทย์ และสุขภาพ
สถานะ=หนังสือเก่า
WS420 ก768ก ฉ.2 
  Barcode: 22824
ห้องสมุดวิทยาเขตนครสวรรค์
►ส่วนจัดเก็บหนังสือเก่า นว.
บนชั้น
  ขอยืม
3. วิทยาศาสตร์การแพทย์ และสุขภาพ
วิทยาศาสตร์การแพทย์ และสุขภาพ
WS420 ก768ก ฉ.3 
  Barcode: 22825
ห้องสมุดวิทยาเขตนครสวรรค์
►หนังสือทั่วไป:l:General Books
บนชั้น
4. วิทยาศาสตร์การแพทย์ และสุขภาพ
วิทยาศาสตร์การแพทย์ และสุขภาพ
สถานะ=หนังสือเก่า
WS420 ก768ก ฉ.4 
  Barcode: 22826
ห้องสมุดวิทยาเขตนครสวรรค์
►ส่วนจัดเก็บหนังสือเก่า นว.
บนชั้น
  ขอยืม
5. วิทยาศาสตร์การแพทย์ และสุขภาพ
วิทยาศาสตร์การแพทย์ และสุขภาพ
สถานะ=หนังสือเก่า
WS420 ก768ก ฉ.5 
  Barcode: 22827
ห้องสมุดวิทยาเขตนครสวรรค์
►ส่วนจัดเก็บหนังสือเก่า นว.
บนชั้น
  ขอยืม

รายการใกล้เคียง
    ผู้แต่ง [เกรียงศักดิ์ จีระแพทย์]

    หัวเรื่อง [ทารกแรกเกิด]
    หัวเรื่อง [สุขภาพ การประเมิน]

BibComment


ยังไม่เคยถูกคอมเมนท์

คอมเมนท์ทรัพยากรรายการนี้
  คอมเมนท์: การประเมินภาวะสุ..


 Copyright 2026. Bcnsprnw @Library